Responses for Show #8829 - Thursday, March 16, 2023

Stephen Webb game 8.

Contestants

[<< previous game]

Sarah Mathews, a middle school teacher from Loxahatchee, Florida

Andrew Brady, a leadership development consultant from Rochester, New York

Stephen Webb, a data scientist from Longmont, Colorado (whose 7-day cash winnings total $175,282)

[next game >>]

Jeopardy! Round responses

COMIC INFLUENCES
WORLD UNIVERSITIES
LOVE, IN SO MANY WORDS
HEAR "YE", HEAR YE
THE LEADER BEFORE THE LEADER
WHAT KIND OF FOWL AM I?
    $200 22
Monty Python

Sarah
    $200 5
Caracas

Stephen
    $200 6
Wuthering Heights

Sarah
    $200 8
Yelp

Sarah
    $200 9
Blair

Stephen
    $200 24
chicken

Stephen
    $400 14
Tina Fey

Sarah
    $400 4
St. Andrews

Sarah
    $400 7
Great Expectations

Stephen
    $400 16
(Andrew: [No response])

yeasty

AndrewSarah
    $400 23
(Ken: Those were prime ministers of [*].)

Canada

Triple Stumper
    $400 28
a dove

Stephen
    $600 12
Mike Myers

Stephen
    $600 3
(Stephen: Who is Sutherland?)
(Ken: More specific?)

Donald Sutherland

Stephen
    $600 15
Elizabeth Bennet

Sarah
    $600 17
yearning

Stephen
    $600 30
(Ken: [*], still dead.)

(Francisco) Franco

Sarah
    $600 27
Partridge

Sarah
    $800 11
Mary Tyler Moore

Sarah
    $800 2
(Stephen: What's the École Polytechnique?)

the Sorbonne

StephenSarah
    $3,000 20
Cyrano de Bergerac

Sarah
    $800 18
a Yeoman

Sarah
    $800 10
Chile

Stephen
    $800 26
Turkey

Stephen
    $1000 13
(Sarah: Who is Hedberg?)

(Steven) Wright

StephenSarah
    $1000 1
Fez

Stephen
    $1000 21
(Ken: That's Nick and Nora Charles in The Thin Man by [*].)

Dashiell Hammett

Triple Stumper
    $1000 19
a yeshiva

Sarah
    $1000 29
Yeltsin

Stephen
    $1000 25
grouse

Stephen

Scores at the first commercial break (after clue 15):

Stephen Andrew Sarah
$4,000 $0 $2,400

Scores at the end of the Jeopardy! Round:

Stephen Andrew Sarah
$8,000 -$400 $9,000

Double Jeopardy! Round responses

U.S. ISLANDS
THE "A"RTS
FOOD STUFF
LETTER PERFECT
SCIENTIFIC LAWS & THEOREMS
A HEAVENLY BODY IN MUSIC
    $400 8
Kona

Sarah
    $400 6
aria

Andrew
    $400 14
quiche

Sarah
    $400 21
V

Sarah
    $400 1
a base

Stephen
    $400 26
Mars

Andrew
    $5,000 9
Martha's Vineyard

Sarah
    $800 7
an arabesque

Triple Stumper
    $800 13
sauerkraut

Andrew
    $800 22
Z

Stephen
    $800 5
(Ken: You know your SCIENTIFIC LAWS and THEOREMS.)
[Applause for Stephen running the category]

heat

Stephen
    $800 27
"Here Comes The Sun"

Stephen
    $1200 10
Catalina

Stephen
    $1200 18
allegro

Sarah
    $1200 15
Fruity Pebbles & Cocoa Pebbles

Sarah
    $1200 25
(Stephen: What is S?)
(Andrew: What is a K?)
...
(Ken: That would be [*], for runs.)

the R

StephenAndrew
Triple Stumper
    $1200 4
probability

Stephen
    $1200 28
the age of Aquarius

Sarah
    $1600 11
(Sarah: [No response])

Orcas

Sarah
Triple Stumper
    $1600 19
(Ansel) Adams

Stephen
    $1600 16
sweetbreads

Stephen
    $1600 24
(Ken: It's a peso, right.)

a P

Stephen
    $1600 3
(Sarah: What is thermodynamics?)

fluid

StephenSarah
    $4,000 29
(Ken: [*] from Iceland is correct.)

Björk

Sarah
    $2000 12
Padre Island

Triple Stumper
    $2000 20
an action painting

Triple Stumper
    $2000 17
tiramisu

Stephen
    $2000 23
e

Stephen
    $2000 2
Fermat

Stephen
    $2000 30
(Andrew: What is shooting star?)
(Stephen: What's shining star?)
(Sarah: What is guiding star?)
...
(Ken: Andrew, you had to take a swing at that.)

North Star

StephenAndrewSarah
Triple Stumper

Scores at the end of the Double Jeopardy! Round:

Stephen Andrew Sarah
$22,400 -$2,000 $17,600

[wagering suggestions for these scores]

Final Jeopardy! Round responses

1980s MOVIES
(Ken: What is Bugsy Malone? Well, that takes me back.)
...
(Ken: What is Top Secret? Wow, it's like I'm in an old Blockbuster.)
...
(Ken: This is George Lucas talking about [*].)
[Contestant ohs, groans and ughs]
SarahWhat is Bugsy Malone?
$15,000
StephenWhat is Top Secret?
$12,801
Raiders of the Lost Ark

Final scores:

Stephen Andrew Sarah
$9,599 -$2,000 $2,600
8-day champion: $184,881 3rd place: $1,000 2nd place: $2,000

Game dynamics:

Coryat scores:

Stephen Andrew Sarah
$22,400 -$2,000 $8,800
27 R,
3 W
3 R,
3 W
22 R
(including 3 DDs),
4 W

Combined Coryat: $29,200

[game clues] [game scores] [suggest correction]

Game tape date: 2022-12-16
The J! Archive is created by fans, for fans. Scraping, republication, monetization, and malicious use prohibited; this site may use cookies and collect identifying information. See terms. The Jeopardy! game show and all elements thereof, including but not limited to copyright and trademark thereto, are the property of Jeopardy Productions, Inc. and are protected under law. This website is not affiliated with, sponsored by, or operated by Jeopardy Productions, Inc. Join the discussion at JBoard.tv.